| 000 -LEADER |
| fixed length control field |
00549nam a22001577a 4500 |
| 020 ## - INTERNATIONAL STANDARD BOOK NUMBER |
| International Standard Book Number |
9780593189658 |
| 082 ## - DEWEY DECIMAL CLASSIFICATION NUMBER |
| Classification number |
K95 C256 |
| 100 ## - MAIN ENTRY--PERSONAL NAME |
| Personal name |
Carver, Courtney |
| 9 (RLIN) |
15414 |
| 245 ## - TITLE STATEMENT |
| Title |
Soulful simplicity: |
| Remainder of title |
how living with less can lead to so much more |
| Statement of responsibility, etc |
by Courtney Carver |
| 260 ## - PUBLICATION, DISTRIBUTION, ETC. (IMPRINT) |
| Place of publication, distribution, etc |
New York |
| Name of publisher, distributor, etc |
Tarcher Perigee |
| Date of publication, distribution, etc |
2017 |
| 300 ## - PHYSICAL DESCRIPTION |
| Extent |
234p. |
| 650 ## - SUBJECT ADDED ENTRY--TOPICAL TERM |
| Topical term or geographic name as entry element |
Simplicity. |
| 9 (RLIN) |
15503 |
| 650 ## - SUBJECT ADDED ENTRY--TOPICAL TERM |
| Topical term or geographic name as entry element |
Self help -- Personal Growth -- Happiness. |
| 9 (RLIN) |
15504 |
| 650 ## - SUBJECT ADDED ENTRY--TOPICAL TERM |
| Topical term or geographic name as entry element |
Self help -- Motivational & Inspirational. |
| 9 (RLIN) |
15505 |
| 650 ## - SUBJECT ADDED ENTRY--TOPICAL TERM |
| Topical term or geographic name as entry element |
Self-actualization (Psychology) |
| 9 (RLIN) |
15506 |